[Event "63. BEM 2009"]
[Site "Dortmund"]
[Date "2009.03.03"]
[Round "5.18"]
[White "Völler, Lothar"]
[Black "Boxberg, Marc"]
[Result "0-1"]
[WhiteElo "1492"]
[BlackElo "1409"]
[PlyCount "80"]
[EventDate "2009.??.??"]
[Source "SG Dortmund"]
[SourceDate "2004.12.16"]

1. e4 e6 2. d4 d5 3. e5 c5 4. Nf3 Nc6 5. c3 Qb6 6. Be2 Bd7 7. O-O Nge7 8. a3
cxd4 9. cxd4 Nf5 10. b4 Ncxd4 11. Nxd4 Qxd4 12. Qxd4 Nxd4 13. Bd1 Be7 14. Bb2
Nc6 15. f4 O-O 16. Nc3 f6 17. Re1 fxe5 18. fxe5 Bg5 19. Na4 b6 20. Bf3 Bf4 21.
b5 Na5 22. Nc3 Nc4 23. Bc1 Bxe5 24. Rxe5 Nxe5 25. Be2 Rac8 26. Bd2 Nc4 27. Be1
d4 28. Ne4 Bxb5 29. Rc1 Nxa3 30. Rxc8 Rxc8 31. Nd6 Rc1 32. Nxb5 Nxb5 33. Kf2
Nc3 34. Bd3 a5 35. Bd2 Rd1 36. Bxc3 dxc3 37. Ke3 b5 38. Bc2 Rd2 39. Bb3 Kf7 40.
h4 a4 0-1

[Event "63. BEM 2009"]
[Site "Dortmund"]
[Date "2009.03.03"]
[Round "5.19"]
[White "Pfeffer, Josef"]
[Black "Zabel, Reinhard"]
[Result "0-1"]
[WhiteElo "1241"]
[BlackElo "1489"]
[PlyCount "165"]
[EventDate "2009.??.??"]
[Source "SG Dortmund"]
[SourceDate "2004.12.16"]

1. e4 e5 2. Be2 Nf6 3. d3 Nc6 4. Bd2 Be7 5. Nf3 d6 6. h3 h6 7. a3 Be6 8. c4 O-O
9. Qb3 b6 10. Nc3 Na5 11. Qc2 c5 12. Ng1 Nc6 13. Be3 Nd4 14. Bxd4 exd4 15. Nd1
Bd7 16. b3 Re8 17. Nf3 Qc7 18. Nb2 a6 19. a4 b5 20. O-O bxc4 21. Nxc4 Be6 22.
Qd2 Rab8 23. Rfb1 Rb4 24. Bd1 Reb8 25. Qc1 Qb7 26. Nfd2 Nd7 27. Bf3 Qc7 28. a5
Bg5 29. Qd1 Bxd2 30. Nxd2 Ne5 31. Be2 Qb7 32. f4 Nc6 33. Nc4 Bxc4 34. dxc4 Rxb3
35. Bd3 Rxb1 36. Rxb1 Qc7 37. Rxb8+ Qxb8 38. Qf3 Ne7 39. f5 f6 40. Qg3 Nc6 41.
Qe1 Ne5 42. Qd1 Qb4 43. Qc2 Qxa5 44. Qe2 Qc3 45. Bb1 Qc1+ 46. Qf1 Qxf1+ 47.
Kxf1 Kf8 48. Ba2 Ke7 49. Ke2 Kd7 50. Kd2 Kc6 51. Kc2 Kb6 52. Kb3 Nd3 53. Bb1
Nf4 54. g4 Nxh3 55. Bd3 Nf2 56. Be2 Nxe4 57. Kc2 Ng5 58. Kd3 Kc6 59. Bf1 a5 60.
Bg2+ Kd7 61. Kc2 -- 62. Kb3 Nf7 63. Bf3 Ne5 64. Bd1 a4+ 65. Kxa4 Nxc4 66. Kb3
Ne5 67. Ka4 d3 68. Kb3 c4+ 69. Kc3 Kc6 70. Kd2 Kc5 71. -- Kd4 72. Ke1 c3 73.
Ba4 Ke3 74. Kd1 Nxg4 75. Kc1 Nf2 76. Kb1 d2 77. Ka2 d1=Q 78. Bxd1 Nxd1 79. Kb1
Kd2 80. Ka1 c2 81. Ka2 c1=Q 82. Kb3 Qc3+ 83. Ka4 0-1

[Event "63. BEM 2009"]
[Site "Dortmund"]
[Date "2009.03.03"]
[Round "5.20"]
[White "Raskin, Vitali"]
[Black "Schoppe, Hans-Werner"]
[Result "1-0"]
[WhiteElo "1612"]
[BlackElo "1299"]
[PlyCount "74"]
[EventDate "2009.??.??"]
[Source "SG Dortmund"]
[SourceDate "2004.12.16"]

1. e4 e6 2. d4 d5 3. e5 Bd7 4. Nd2 c5 5. c3 cxd4 6. cxd4 Nc6 7. Ngf3 Nge7 8.
Bd3 a6 9. O-O Qb6 10. Nb3 Nf5 11. Bxf5 exf5 12. Be3 Nd8 13. Rb1 Be7 14. Nc5 Bb5
15. Re1 Ne6 16. a4 Bc6 17. b4 O-O 18. b5 axb5 19. axb5 Be8 20. Qc2 Ra5 21. Na4
Qd8 22. Nc3 f4 23. Bd2 Ra8 24. Qb3 Ra3 25. Qxd5 Qxd5 26. Nxd5 Rxf3 27. Nxe7+
Kh8 28. gxf3 Nxd4 29. Kg2 Bxb5 30. Rxb5 Nxb5 31. Bxf4 Nd4 32. Be3 Ne6 33. Rb1
Rb8 34. f4 b5 35. f5 Nf8 36. Bc5 Rb7 37. Nd5 Nd7 1-0

[Event "63. BEM 2009"]
[Site "Dortmund"]
[Date "2009.03.03"]
[Round "5.21"]
[White "Ezzat, Tarik"]
[Black "Hast, Stefan"]
[Result "1-0"]
[WhiteElo "1517"]
[BlackElo "1143"]
[PlyCount "69"]
[EventDate "2009.??.??"]
[Source "SG Dortmund"]
[SourceDate "2004.12.16"]

1. Nc3 c5 2. e4 Nc6 3. Nf3 g6 4. Bc4 Bg7 5. d3 d6 6. h3 Nf6 7. O-O O-O 8. Ne2
Na5 9. Bd5 Nxd5 10. exd5 Qc7 11. c3 b6 12. Rb1 e6 13. dxe6 fxe6 14. Nf4 Qc6 15.
d4 Qe4 16. Ng5 Qxb1 17. Nfxe6 Bxe6 18. Nxe6 Rf6 19. Nxg7 Kxg7 20. Bh6+ Kxh6 21.
Qxb1 Re8 22. b4 Nc6 23. bxc5 dxc5 24. dxc5 bxc5 25. Rd1 Rfe6 26. Qc1+ Kg7 27.
Rd7+ R8e7 28. Rxe7+ Rxe7 29. Qa3 Re5 30. Qa4 Re6 31. Qb5 Ne5 32. Qxc5 Kf6 33.
Qxa7 Nd3 34. Qd4+ Ne5 35. f4 1-0

[Event "63. BEM 2009"]
[Site "Dortmund"]
[Date "2009.03.03"]
[Round "5.22"]
[White "Schirmer, Michael"]
[Black "Schaefer, Ulrich"]
[Result "1/2-1/2"]
[WhiteElo "1424"]
[BlackElo "1328"]
[PlyCount "78"]
[EventDate "2009.??.??"]
[Source "SG Dortmund"]
[SourceDate "2004.12.16"]

1. c4 e5 2. Nc3 Nf6 3. g3 d5 4. cxd5 Nxd5 5. Bg2 Be6 6. e3 Nxc3 7. bxc3 Bd5 8.
Nf3 Nc6 9. O-O Be7 10. d4 exd4 11. cxd4 O-O 12. Re1 Bb4 13. Bd2 Bxd2 14. Qxd2
Re8 15. Qd3 Be4 16. Qb3 Qf6 17. Nh4 Bxg2 18. Nxg2 b6 19. Rac1 Re6 20. d5 Na5
21. Qc2 Ree8 22. Qxc7 Qd8 23. Qxd8 Rexd8 24. e4 Rac8 25. Ne3 Nb7 26. Nf5 Rxc1
27. Rxc1 g6 28. Ne7+ Kf8 29. Nc8 Nc5 30. Nxa7 Nxe4 31. Rc8 Rxc8 32. Nxc8 b5 33.
a3 Ke8 34. f3 Nc3 35. Nb6 Ke7 36. Kf2 Kd6 37. Ke3 Nxd5+ 38. Nxd5 Kxd5 39. Kd3
Kc5 1/2-1/2

[Event "63. BEM 2009"]
[Site "Dortmund"]
[Date "2009.03.03"]
[Round "5.23"]
[White "Müller, Michaela"]
[Black "Krüger, Georg"]
[Result "0-1"]
[WhiteElo "1025"]
[BlackElo "1711"]
[PlyCount "84"]
[EventDate "2009.??.??"]
[Source "SG Dortmund"]
[SourceDate "2004.12.16"]

1. d4 Nf6 2. c4 g6 3. e3 Bg7 4. Nc3 d5 5. Nf3 O-O 6. Be2 c5 7. cxd5 cxd4 8.
Nxd4 Nxd5 9. Nxd5 Qxd5 10. O-O a6 11. Bf3 Qd6 12. b3 e5 13. Nc2 Qe7 14. Rb1 Rd8
15. Qe2 f5 16. g3 e4 17. Bg2 Bd7 18. Bb2 Bb5 19. Qe1 Bxb2 20. Rxb2 Nc6 21. Qc3
Bxf1 22. Bxf1 Qe5 23. Bc4+ Kg7 24. Qxe5+ Nxe5 25. Nd4 Kf6 26. Be2 Rac8 27. a4
Nd3 28. Rb1 Ke5 29. Bxd3 exd3 30. Nf3+ Kf6 31. Rd1 g5 32. Nd4 Rc3 33. b4 Rdc8
34. Kg2 R8c4 35. b5 Rxa4 36. bxa6 bxa6 37. Rd2 g4 38. h3 h5 39. hxg4 hxg4 40.
f3 Rxd4 41. exd4 Rc2 42. Rxc2 dxc2 0-1

[Event "63. BEM 2009"]
[Site "Dortmund"]
[Date "2009.03.03"]
[Round "5.24"]
[White "Gennat, Egon L"]
[Black "Vogt, Christian"]
[Result "1-0"]
[WhiteElo "1362"]
[BlackElo "1046"]
[PlyCount "85"]
[EventDate "2009.??.??"]
[Source "SG Dortmund"]
[SourceDate "2004.12.16"]

1. d4 d5 2. c4 c6 3. Nc3 Nf6 4. Nf3 dxc4 5. a4 Bf5 6. Bd2 e6 7. e3 Bd3 8. Be2
Bb4 9. O-O Nbd7 10. Ne1 Bxe2 11. Qxe2 O-O 12. Qxc4 Qa5 13. Nc2 Bxc3 14. Bxc3
Qd5 15. Qd3 Nc5 16. Qe2 Nce4 17. f3 Nxc3 18. bxc3 a6 19. c4 Qd8 20. Rfd1 Qe8
21. e4 Rb8 22. a5 Nd7 23. c5 e5 24. Qc4 exd4 25. Qxd4 Ne5 26. Ne3 Rd8 27. Qc3
g6 28. Rxd8 Qxd8 29. Qxe5 Re8 30. Qd6 f5 31. Qxd8 Rxd8 32. Rd1 Rxd1+ 33. Nxd1
fxe4 34. fxe4 Kf7 35. Kf2 Ke6 36. Ke3 h5 37. h4 Ke5 38. Nf2 Kf6 39. Kf4 Ke6 40.
g4 Kf6 41. Nd3 g5+ 42. hxg5+ Kg6 43. Ne5+ 1-0

[Event "63. BEM 2009"]
[Site "Dortmund"]
[Date "2009.03.03"]
[Round "5.25"]
[White "Weih, Kurt"]
[Black "Schirmer, Florian"]
[Result "0-1"]
[WhiteElo "1232"]
[BlackElo "952"]
[PlyCount "40"]
[EventDate "2009.??.??"]
[Source "SG Dortmund"]
[SourceDate "2004.12.16"]

1. e4 c5 2. Nf3 g6 3. d4 cxd4 4. Nxd4 Nc6 5. Nxc6 bxc6 6. Bd3 Bg7 7. c3 e6 8.
O-O Qc7 9. Nd2 Ne7 10. Nf3 O-O 11. Bg5 Re8 12. Qd2 d5 13. Bh6 Bb7 14. Bxg7 Kxg7
15. Qg5 f6 16. Qe3 Qb6 17. Qd2 Rad8 18. Nd4 c5 19. Nxe6+ Qxe6 20. exd5 Qxd5 0-1

[Event "63. BEM 2009"]
[Site "Dortmund"]
[Date "2009.03.03"]
[Round "5.26"]
[White "Fahle, Karl-Wilhelm"]
[Black "Rabe, Mark"]
[Result "1-0"]
[WhiteElo "1202"]
[BlackElo "999"]
[PlyCount "139"]
[EventDate "2009.??.??"]
[Source "SG Dortmund"]
[SourceDate "2004.12.16"]

1. e4 c6 2. d4 d5 3. Nc3 dxe4 4. Nxe4 Bf5 5. Ng3 Nf6 6. Nxf5 e6 7. Ne3 Qa5+ 8.
c3 Bd6 9. Ne2 O-O 10. Nc4 Qc7 11. Nxd6 Qxd6 12. Bf4 Qd8 13. Ng3 g6 14. Bd3 Qd5
15. O-O h5 16. Be5 Ng4 17. Be4 Qd8 18. h3 Nf6 19. Qf3 Nbd7 20. Rad1 h4 21. Ne2
Nxe4 22. Qxe4 f5 23. Qe3 Kh7 24. Nf4 Qe7 25. Nd3 b6 26. b4 Rac8 27. Bf4 Rf7 28.
Bg5 Qe8 29. g3 hxg3 30. Qxg3 Kg8 31. Ne5 Nxe5 32. dxe5 Qf8 33. Rd6 f4 34. Qd3
Rf5 35. h4 f3 36. Rd1 Kg7 37. Rd7+ Kg8 38. Rd8 Rxg5+ 39. hxg5 Rxd8 40. Qxg6+
Kh8 41. Rxd8 Qxd8 42. Qh5+ Kg8 43. Qg6+ Kh8 44. Qh6+ Kg8 45. Qxe6+ Kh8 46. Qf6+
Qxf6 47. gxf6 Kg8 48. e6 Kf8 49. Kh2 c5 50. Kg3 Kg8 51. Kxf3 cxb4 52. cxb4 b5
53. Ke4 a6 54. Kd5 Kf8 55. Kd6 Ke8 56. f7+ Kf8 57. Kd7 a5 58. bxa5 b4 59. a6 b3
60. axb3 Kg7 61. Ke8 Kf6 62. e7 Ke5 63. f8=Q Ke4 64. Kd7 Kd3 65. e8=R Kc3 66.
Re3+ Kb2 67. Qg7+ Ka2 68. b4 Kb1 69. Re2 Kc1 70. Qg1# 1-0

[Event "63. BEM 2009"]
[Site "Dortmund"]
[Date "2009.03.03"]
[Round "5.28"]
[White "Böckmann, Lieselotte"]
[Black "Bönke, Holger E"]
[Result "0-1"]
[WhiteElo "978"]
[BlackElo "1121"]
[PlyCount "85"]
[EventDate "2009.??.??"]
[Source "SG Dortmund"]
[SourceDate "2004.12.16"]

1. d4 e6 2. a3 f5 3. Nf3 d5 4. e3 Nf6 5. Nc3 Be7 6. Be2 O-O 7. O-O Nbd7 8. b4
a6 9. Ng5 Nb6 10. f4 c6 11. Rf3 Ne4 12. Bb2 Nxg5 13. fxg5 Bxg5 14. Rh3 f4 15.
Bd3 g6 16. e4 e5 17. Qf3 Bxh3 18. gxh3 Bf6 19. Ne2 Qc7 20. Kh1 Rae8 21. Rg1 Nc4
22. Bc1 exd4 23. Nxf4 Be5 24. Nxg6 Rxf3 25. Nxe5+ Kh8 26. Nxf3 Nd6 27. Bh6 Re7
28. Nxd4 dxe4 29. Rf1 Nf7 30. Bc4 Nxh6 31. Rf6 Nf7 32. Ne6 Qe5 33. Rxf7 Rxf7
34. Nd8 Rd7 35. Nf7+ Rxf7 36. Bxf7 e3 37. Bc4 e2 38. Bxe2 Qxe2 39. Kg1 Qd1+ 40.
Kf2 Qxc2+ 41. Ke3 Qb3+ 42. Ke4 Qxa3 43. Ke5 0-1

[Event "63. BEM 2009"]
[Site "Dortmund"]
[Date "2009.03.05"]
[Round "6.1"]
[White "Schiefelbusch, Dirk"]
[Black "Zelt, Jens"]
[Result "1-0"]
[WhiteElo "2093"]
[BlackElo "2015"]
[PlyCount "213"]
[EventDate "2009.??.??"]
[Source "SG Dortmund"]
[SourceDate "2004.12.16"]

1. Nf3 g6 2. d4 Bg7 3. Bg5 d6 4. e3 c6 5. c4 Nf6 6. Nc3 Nbd7 7. Be2 O-O 8. O-O
Re8 9. h3 b6 10. b4 Bb7 11. Qb3 Rc8 12. a4 Qc7 13. b5 Nb8 14. Rfc1 Rcd8 15. e4
Nfd7 16. Rab1 c5 17. d5 Nf8 18. Re1 Nbd7 19. Rbd1 Bc8 20. Qc2 Ne5 21. Nd2 f6
22. Bf4 Nf7 23. Nb3 Qb7 24. a5 Qc7 25. Ra1 Qb8 26. Ra3 Bb7 27. Rea1 Qc7 28.
R1a2 Qb8 29. Na4 Qc7 30. Bd2 Ra8 31. Nc3 Rad8 32. Nd1 Ne5 33. f4 Nf7 34. Ne3
Qb8 35. Nc1 e6 36. Bf3 e5 37. Nd3 exf4 38. Nxf4 Ne5 39. Be2 Re7 40. Ng4 Rde8
41. Nxe5 fxe5 42. Nd3 Bc8 43. Nf2 Rf7 44. Bg4 Bxg4 45. Nxg4 Qd8 46. Qc1 Nd7 47.
Bg5 Qb8 48. axb6 axb6 49. Ra7 Ref8 50. Nh6+ Bxh6 51. Bxh6 Re8 52. Qa1 Qd8 53.
Ra8 Nb8 54. Qe1 Qe7 55. Qg3 Qb7 56. Qg4 Qe7 57. h4 Kh8 58. Bg5 Qf8 59. Kh2 Rf1
60. R8a7 Rf7 61. h5 Qg7 62. Rxf7 Qxf7 63. h6 Kg8 64. Ra3 Qc7 65. Ra8 Qb7 66.
Ra3 Qc7 67. Bf6 Qf7 68. Bg7 Qe7 69. Kg3 Kf7 70. Qh4 g5 71. Qh5+ Kg8 72. Rf3 Nd7
73. Rf5 Nf8 74. Bxf8 Rxf8 75. Qxg5+ Qxg5+ 76. Rxg5+ Kh8 77. Rg7 Rf6 78. Rb7
Rxh6 79. Rxb6 Rf6 80. Rc6 Kg7 81. b6 Rf1 82. Rxd6 Kf7 83. Rc6 Rb1 84. Rxc5 Rxb6
85. Rc7+ Ke8 86. Rxh7 Rb3+ 87. Kg4 Rc3 88. Kf5 Rxc4 89. Kxe5 Rc2 90. g4 Re2 91.
g5 Kf8 92. d6 Ke8 93. Kd5 Rd2+ 94. Ke6 Kf8 95. g6 Kg8 96. e5 Rg2 97. Rf7 Rxg6+
98. Rf6 Rg2 99. d7 Rd2 100. Ke7 Kg7 101. Rd6 Re2 102. e6 Rf2 103. d8=Q Kh7 104.
Rd1 Rh2 105. Rg1 Rh4 106. Qg8+ Kh6 107. Qg6# 1-0

[Event "63. BEM 2009"]
[Site "Dortmund"]
[Date "2009.03.05"]
[Round "6.2"]
[White "Goldschmidt, Christian"]
[Black "Kartsev, Alexandr"]
[Result "1-0"]
[WhiteElo "2169"]
[BlackElo "1988"]
[PlyCount "71"]
[EventDate "2009.??.??"]
[Source "SG Dortmund"]
[SourceDate "2004.12.16"]

1. e4 d5 2. exd5 Nf6 3. d4 Nxd5 4. c4 Nb6 5. Nf3 Bg4 6. Be2 Nc6 7. O-O e6 8.
Nc3 Be7 9. d5 exd5 10. cxd5 Nb4 11. h3 Bc8 12. Bb5+ Bd7 13. d6 Bxd6 14. Re1+
Kf8 15. Bg5 f6 16. Bh4 g5 17. Nd4 Nc6 18. Bxc6 bxc6 19. Bg3 Bxg3 20. fxg3 c5
21. Ne6+ Bxe6 22. Rxe6 Kf7 23. Rc6 Qd4+ 24. Kh2 Rhd8 25. Qh5+ Kg7 26. Rxc7+ Rd7
27. Rxd7+ Qxd7 28. Rd1 Qe7 29. Rd2 Rd8 30. Re2 Qf7 31. Qf3 Re8 32. Rxe8 Qxe8
33. Qb7+ Qf7 34. Qc6 Nd7 35. Nd5 h6 36. Nc7 {
und Schwarz ueberschritt die Zeit ...} 1-0

[Event "63. BEM 2009"]
[Site "Dortmund"]
[Date "2009.03.05"]
[Round "6.3"]
[White "Schütte, Tobias"]
[Black "Kartsev, Soel"]
[Result "1-0"]
[WhiteElo "1912"]
[BlackElo "2127"]
[PlyCount "51"]
[EventDate "2009.??.??"]
[Source "SG Dortmund"]
[SourceDate "2004.12.16"]

1. f4 e5 2. fxe5 d6 3. exd6 Bxd6 4. Nf3 g5 5. g3 g4 6. Nh4 Ne7 7. d4 Ng6 8.
Nxg6 hxg6 9. Qd3 Nc6 10. c3 Bf5 11. e4 Qe7 12. Bg2 O-O-O 13. Be3 Bxg3+ 14. hxg3
Ne5 15. Qf1 Nf3+ 16. Bxf3 Bxe4 17. Rxh8 Rxh8 18. Bxe4 Qxe4 19. Qf2 Rh1+ 20. Kd2
f5 21. Bg5 c5 22. Qe2 Qc6 23. Kc2 cxd4 24. b3 b5 25. a4 b4 26. Qc4 {und Schwarz
ueberschritt nach einigen (nicht mehr rekonstruierbaren) Zuegen die Zeit ...}
1-0

[Event "63. BEM 2009"]
[Site "Dortmund"]
[Date "2009.03.05"]
[Round "6.4"]
[White "Hellwig, Thomas"]
[Black "Lindam, Ingo"]
[Result "0-1"]
[WhiteElo "1858"]
[BlackElo "2033"]
[PlyCount "98"]
[EventDate "2009.??.??"]
[Source "SG Dortmund"]
[SourceDate "2004.12.16"]

1. d4 d5 2. c4 dxc4 3. Nf3 c5 4. d5 Nf6 5. Nc3 e6 6. e4 b5 7. Bg5 Qa5 8. Nd2
Nbd7 9. dxe6 fxe6 10. Bxf6 Nxf6 11. e5 Nd5 12. Be2 Nxc3 13. bxc3 Qxc3 14. O-O
Bb7 15. Rc1 Qd4 16. Bf3 O-O-O 17. Bxb7+ Kxb7 18. Qf3+ Qd5 19. Ne4 Be7 20. Rcd1
Qc6 21. Qf7 Qc7 22. Qxe6 Rhe8 23. Rxd8 Rxd8 24. Rb1 a6 25. h3 Rd4 26. f3 h6 27.
a4 b4 28. a5 Bf8 29. Qg8 Qe7 30. Nd6+ Kc6 31. Nxc4 Rd8 32. Qh7 Qe6 33. Qc2 Rd4
34. Qa4+ Kc7 35. Nb6 Qxe5 36. Qb3 Bd6 $2 (36... Rd2 $1) (36... Be7 $1) 37. Qf7+
Qe7 $2 (37... Be7 $17) 38. Nd5+ Rxd5 39. Qxd5 Qe3+ 40. Kf1 (40. Kh1 Qf4 41. Kg1
Qe3+ $11) 40... Bg3 41. Qf7+ Kc6 42. Qg6+ Kb5 43. Qb6+ (43. Qxg3 Qd3+ 44. Kf2
Qc2+ 45. Kg1 Qxb1+ $19) 43... Ka4 44. Rxb4+ Ka3 45. Rb3+ Qxb3 46. Qxc5+ Ka2 47.
Ke2 Qb5+ 48. Qxb5 axb5 49. a6 Bb8 0-1

[Event "63. BEM 2009"]
[Site "Dortmund"]
[Date "2009.03.05"]
[Round "6.5"]
[White "Lauche, Christoph"]
[Black "Kropp, Andreas"]
[Result "0-1"]
[WhiteElo "1950"]
[BlackElo "1884"]
[PlyCount "70"]
[EventDate "2009.??.??"]
[Source "SG Dortmund"]
[SourceDate "2004.12.16"]

1. e4 e5 2. Bc4 Nf6 3. d4 exd4 4. Nf3 Bb4+ 5. c3 dxc3 6. bxc3 Bc5 7. e5 Ng4 8.
Bxf7+ Kf8 9. O-O Nc6 10. Qd5 Qe7 11. Bh5 Ncxe5 12. Bxg4 Nxg4 13. Qf5+ Nf6 14.
Re1 d6 15. Qd3 Qd7 16. Bg5 Qf5 17. Qe2 Bd7 18. Nbd2 Re8 19. Qc4 Be6 20. Qh4 Qg6
21. Ne4 Nxe4 22. Rxe4 Kg8 23. Rae1 h6 24. Bd2 d5 25. R4e2 Bd6 26. Nd4 Bf7 27.
Rxe8+ Bxe8 28. f4 Kh7 29. f5 Qh5 30. Qxh5 Bxh5 31. h3 Re8 32. Rf1 Bc5 33. f6
Re2 34. Bc1 gxf6 35. g4 Bg6 0-1

[Event "63. BEM 2009"]
[Site "Dortmund"]
[Date "2009.03.05"]
[Round "6.6"]
[White "Hoppe, Dirk"]
[Black "Begna, Bozidar"]
[Result "1/2-1/2"]
[WhiteElo "1818"]
[BlackElo "1937"]
[PlyCount "59"]
[EventDate "2009.??.??"]
[Source "SG Dortmund"]
[SourceDate "2004.12.16"]

1. e4 d6 2. Nc3 e5 3. Nf3 Nf6 4. d4 Nbd7 5. Bc4 Be7 6. dxe5 dxe5 7. O-O O-O 8.
h3 c6 9. a4 Qc7 10. Qe2 a5 11. Bg5 Nc5 12. Rad1 Ne6 13. Rd2 Nxg5 14. Nxg5 h6
15. Nf3 Bc5 16. Kh2 Qe7 17. Nh4 Kh8 18. Nf5 Bxf5 19. exf5 e4 20. f3 e3 21. Rdd1
Qe5+ 22. f4 Qxf5 23. g4 Qc8 24. g5 Ng8 25. Ne4 Ba7 26. Nd6 Qc7 27. gxh6 Nxh6
28. Qh5 Qe7 29. Nf5 Qf6 30. Rd6 1/2-1/2

[Event "63. BEM 2009"]
[Site "Dortmund"]
[Date "2009.03.05"]
[Round "6.7"]
[White "Sonntag, Joachim"]
[Black "Simon, Thomas"]
[Result "0-1"]
[WhiteElo "1788"]
[BlackElo "1932"]
[PlyCount "128"]
[EventDate "2009.??.??"]
[Source "SG Dortmund"]
[SourceDate "2004.12.16"]

1. e4 c5 2. Nf3 Nc6 3. d4 cxd4 4. Nxd4 Nf6 5. Nc3 e5 6. Ndb5 d6 7. Nd5 Nxd5 8.
exd5 Nb8 9. c4 a6 10. Nc3 Be7 11. Bd3 O-O 12. O-O f5 13. f3 Bg5 14. Kh1 Nd7 15.
b4 a5 16. a3 axb4 17. Bxg5 Qxg5 18. axb4 Rxa1 19. Qxa1 Qe3 20. Qb1 e4 21. fxe4
Ne5 22. Rd1 Ng4 23. Rf1 Nf2+ 24. Rxf2 Qxf2 25. h3 f4 26. Qf1 Qd2 27. Nb5 Qxb4
28. Qf3 Bd7 29. Nd4 Qc3 30. Ne2 Qe5 31. Ng1 Ra8 32. Ne2 Rf8 33. Bc2 Be8 34. Qb3
Bg6 35. Qd3 Ra8 36. c5 Ra1+ 37. Ng1 dxc5 38. d6 Qd4 39. Qxd4 cxd4 40. d7 Ra8
41. Nf3 Rd8 42. Ne5 Kf8 43. Kg1 Ke7 44. Kf2 Bh5 45. Ba4 Kd6 46. Nd3 Rxd7 47.
e5+ Ke7 48. Bxd7 Kxd7 49. Nxf4 Bf7 50. Kf3 g5 51. Ne2 d3 52. Nd4 Bd5+ 53. Ke3
d2 54. Kxd2 Bxg2 55. h4 gxh4 56. Ke3 Bd5 57. Kf4 Be6 58. Nf3 h3 59. Kg3 b5 60.
Kf4 b4 61. Ke3 Bd5 62. Nh2 b3 63. Kd3 Ke6 64. Ke3 Kxe5 0-1

[Event "63. BEM 2009"]
[Site "Dortmund"]
[Date "2009.03.05"]
[Round "6.8"]
[White "Morawietz, Manuel"]
[Black "Gerke, Dieter"]
[Result "1/2-1/2"]
[WhiteElo "1810"]
[BlackElo "1587"]
[PlyCount "78"]
[EventDate "2009.??.??"]
[Source "SG Dortmund"]
[SourceDate "2004.12.16"]

1. e4 c5 2. Nf3 d6 3. d4 cxd4 4. Nxd4 Nf6 5. Nc3 a6 6. Be3 e5 7. Nf3 Nc6 8. Nd5
Nxd5 9. exd5 Qa5+ 10. c3 Ne7 11. Bc4 Bd7 12. O-O Rc8 13. Bb3 Ng6 14. Nd2 b5 15.
f4 exf4 16. Bxf4 Qb6+ 17. Kh1 Be7 18. Qe2 O-O 19. Be3 Qd8 20. Qf2 Bh4 21. g3
Bg5 22. Bb6 Qe7 23. Rfe1 Ne5 24. Bc2 Bxd2 25. Qxd2 Bg4 26. Qf4 Qd7 27. Bd4 f6
28. Rf1 b4 29. Bxe5 dxe5 30. Qxb4 Qxd5+ 31. Qe4 Qxe4+ 32. Bxe4 Rfd8 33. Bb7 Rb8
34. Bxa6 Rxb2 35. Rab1 Rdd2 36. Rxb2 Rxb2 37. Kg1 e4 38. Rf2 Rb1+ 39. Rf1 Rb2
1/2-1/2

[Event "63. BEM 2009"]
[Site "Dortmund"]
[Date "2009.03.05"]
[Round "6.9"]
[White "Zabel, Reinhard"]
[Black "Ziperstein, Jakob"]
[Result "0-1"]
[WhiteElo "1489"]
[BlackElo "1801"]
[PlyCount "66"]
[EventDate "2009.??.??"]
[Source "SG Dortmund"]
[SourceDate "2004.12.16"]

1. e4 g6 2. d4 Bg7 3. Nf3 d6 4. Nc3 Nf6 5. Be2 O-O 6. O-O Nbd7 7. Bg5 h6 8. Be3
Ng4 9. Bf4 c5 10. d5 a6 11. Qd2 Kh7 12. h3 Nge5 13. a4 Nxf3+ 14. Bxf3 Rb8 15.
Rfe1 b5 16. axb5 axb5 17. Ra2 Ne5 18. Bxe5 Bxe5 19. Ne2 f5 20. Qa5 Qe8 21. Qd2
Qf7 22. Ng3 f4 23. Nf1 b4 24. Nh2 h5 25. Be2 Qf6 26. b3 Bc3 27. Qd1 Bxe1 28.
Qxe1 Bd7 29. Nf3 Ra8 30. Qb1 g5 31. Nd2 g4 32. hxg4 hxg4 33. f3 Qd4+ 0-1

[Event "63. BEM 2009"]
[Site "Dortmund"]
[Date "2009.03.05"]
[Round "6.10"]
[White "Ziemek, Gerhard"]
[Black "Gegner, Michael"]
[Result "1/2-1/2"]
[WhiteElo "1733"]
[BlackElo "1440"]
[PlyCount "33"]
[EventDate "2009.??.??"]
[Source "SG Dortmund"]
[SourceDate "2004.12.16"]

1. d4 Nf6 2. Nc3 d5 3. f3 e6 4. e4 c5 5. Bg5 cxd4 6. Qxd4 Nc6 7. Bb5 Be7 8.
exd5 exd5 9. Nge2 a6 10. Bxc6+ bxc6 11. O-O O-O 12. Qh4 Qb6+ 13. Kh1 Qxb2 14.
Qa4 Qb6 15. Rab1 Qc7 16. Qh4 Re8 17. Nf4 1/2-1/2

[Event "63. BEM 2009"]
[Site "Dortmund"]
[Date "2009.03.05"]
[Round "6.11"]
[White "Benke, Werner"]
[Black "Duschek, Günter"]
[Result "1-0"]
[WhiteElo "1543"]
[BlackElo "1640"]
[PlyCount "78"]
[EventDate "2009.??.??"]
[Source "SG Dortmund"]
[SourceDate "2004.12.16"]

1. e4 d5 2. exd5 Qxd5 3. Nc3 Qd8 4. d4 c6 5. h3 Bf5 6. Bc4 e6 7. Bf4 Bd6 8.
Bxd6 Qxd6 9. Nf3 h6 10. O-O Nf6 11. Bd3 Bxd3 12. Qxd3 Na6 13. Ne4 Nxe4 14. Qxe4
Qd5 15. Qg4 O-O 16. Rfe1 Qf5 17. Qxf5 exf5 18. Re7 Rab8 19. c3 Rfe8 20. Re5
Rxe5 21. Nxe5 Rd8 22. Re1 Kf8 23. f3 Nc7 24. Kf2 Nd5 25. g3 f4 26. g4 f6 27.
Nd3 Kf7 28. Nc5 b6 29. Ne4 Ne3 30. Rc1 f5 31. gxf5 Nxf5 32. Rd1 Ne3 33. Rd2 Rd5
34. Kg1 Rh5 35. Rh2 Nf5 36. Kf2 Ke6 37. a3 Ne3 38. Ke2 Rb5 39. Kd3 Nc4 {
Partie nicht vollstaendig rekonstruierbar ...} 1-0

[Event "63. BEM 2009"]
[Site "Dortmund"]
[Date "2009.03.05"]
[Round "6.12"]
[White "Boxberg, Marc"]
[Black "Clausen, Dirk"]
[Result "1/2-1/2"]
[WhiteElo "1409"]
[BlackElo "1606"]
[PlyCount "59"]
[EventDate "2009.??.??"]
[Source "SG Dortmund"]
[SourceDate "2004.12.16"]

1. e4 c5 2. d4 cxd4 3. c3 dxc3 4. Nxc3 e6 5. Nf3 Nc6 6. Bf4 Bb4 7. Rc1 Nf6 8.
Bd3 d5 9. e5 Nh5 10. Bd2 Bxc3 11. Rxc3 g6 12. Bh6 f5 13. Qc2 Bd7 14. g4 Nb4 15.
Qb1 Nxd3+ 16. Qxd3 fxg4 17. Ng5 Rc8 18. h3 Rxc3 19. Qxc3 Qc8 20. Qxc8+ Bxc8 21.
hxg4 Nf4 22. Kd2 d4 23. Ne4 Nd5 24. Nd6+ Kd7 25. a3 Rg8 26. Kd3 b6 27. Kxd4 Ba6
28. Bd2 Rg7 29. Bh6 Re7 30. Bg5 1/2-1/2

[Event "63. BEM 2009"]
[Site "Dortmund"]
[Date "2009.03.05"]
[Round "6.13"]
[White "Rzoczek, Christoph"]
[Black "Wiebesiek, Michael"]
[Result "1-0"]
[WhiteElo "1622"]
[BlackElo "1524"]
[PlyCount "131"]
[EventDate "2009.??.??"]
[Source "SG Dortmund"]
[SourceDate "2004.12.16"]

1. e4 Nc6 2. d4 d5 3. Bb5 e6 4. e5 a6 5. Ba4 Bd7 6. Nf3 Na5 7. Bxd7+ Qxd7 8.
O-O Ne7 9. Bd2 Nc4 10. Bc1 Nf5 11. b3 Nb6 12. g4 Ne7 13. Ne1 Rc8 14. f4 c5 15.
Ba3 cxd4 16. Qxd4 Qc7 17. Bd6 Qc6 18. Rf3 Nd7 19. Rc3 Qb6 20. Qxb6 Nxb6 21. Nd3
Nd7 22. a4 Kd8 23. b4 Nc6 24. b5 Nd4 25. Kf2 Bxd6 26. exd6 a5 27. Ne5 Nxe5 28.
fxe5 Nxc2 29. Ra2 Nb4 30. Raa3 Kd7 31. h4 d4 32. Rf3 f6 33. exf6 gxf6 34. Rxf6
Kxd6 35. g5 Rc2+ 36. Kf3 Rh2 37. Kg4 Rc8 38. Rh3 Rb2 39. Rh1 Rc4 40. Re1 d3+
41. Kf3 Re2 42. Rxe2 dxe2 43. Kxe2 Rxh4 44. Rh6 Rxh6 45. gxh6 Nd5 46. Kf3 Kc5
47. Ke4 Kb4 48. Ke5 Nc3 49. Nxc3 Kxc3 50. Kxe6 Kb4 51. Kf6 Kxa4 52. Kg7 Kxb5
53. Kxh7 a4 54. Kg8 Kc4 55. h7 Kb3 56. h8=Q b5 57. Qh3+ Kb4 58. Qg4+ Kc3 59.
Qf3+ Kc4 60. Qe4+ Kc3 61. Qe3+ Kc4 62. Qa3 b4 63. Qxa4 Kc3 64. Qa1+ Kc2 65.
Qa2+ Kc3 66. Qb1 1-0

[Event "63. BEM 2009"]
[Site "Dortmund"]
[Date "2009.03.05"]
[Round "6.14"]
[White "Grawe, Herbert"]
[Black "Schultz, Bernfried"]
[Result "1-0"]
[WhiteElo "1491"]
[BlackElo "1683"]
[PlyCount "65"]
[EventDate "2009.??.??"]
[Source "SG Dortmund"]
[SourceDate "2004.12.16"]

1. Nc3 e6 2. e4 d5 3. e5 c5 4. f4 Nc6 5. Nf3 d4 6. Ne4 Qd5 7. Ng3 f6 8. b3 Na5
9. Bd3 f5 10. O-O Bd7 11. Nh4 O-O-O 12. Be2 Bc6 13. Rf2 Be7 14. Nf3 h6 15. d3
Be8 16. Bd2 Nc6 17. Be1 g5 18. Nd2 g4 19. Nc4 h5 20. a3 Nh6 21. Nf1 h4 22. b4
Nb8 23. Qb1 h3 24. b5 hxg2 25. Rxg2 g3 26. Rxg3 Ng4 27. Bf3 Qd7 28. Na5 Bh4 29.
Nxb7 Bxg3 30. hxg3 Qh7 31. Nxc5 Ne3 32. Bb7+ Kc7 33. Ba5# 1-0